Guess the Fusion Rock Song Lyrics #163 - Statistics

General Stats
  • This quiz has been taken 15 times
  • The average score is 153 of 283
Answer Stats
Answer % Correct
I
92%
a
83%
all
83%
in
83%
is
83%
it
83%
me
83%
the
83%
The
83%
on
75%
to
75%
We
75%
You
75%
can
67%
get
67%
go
67%
Go
67%
I'm
67%
more
67%
night
67%
time
67%
your
67%
Your
67%
you're
67%
Come
58%
come
58%
Got
58%
got
58%
One
58%
right
58%
rock
58%
Take
58%
with
58%
baby
50%
down
50%
feel
50%
Foghat
50%
good
50%
know
50%
like
50%
mood
50%
Move
50%
Oh
50%
so
50%
yeah
50%
easy
42%
music
42%
ride
42%
roll
42%
Slow
42%
slow
42%
We've
42%
woman
42%
Feels
33%
fine
33%
heart
25%
Hold
25%
lovin
25%
rhythm
25%
ridin
25%
Ooh
17%
sleazy
8%
Woo
8%
woo
8%
flamin
0%
Woah
0%
No matching quizzes found
Score Distribution
Percent of People with Each Score
Percentile by Number Answered
Your Score History
You have not taken this quiz